Statistiken für Die 30 besten Fußballspieler aller Zeiten (nach FourFourTwo)

Klicken Sie hier um das Quiz zu spielen!

Allgemein

  • Dieses Quiz wurde 1.836 mal gespielt
  • Das Durchschnittsergebnis liegt bei 16 aus 30

Antwortstatistiken

PlatzAntwortLand% Korrekt
3.Cristiano RonaldoPortugal
99%
1.Lionel MessiArgentinien
99%
10.RonaldoBrasilien
99%
2.Diego MaradonaArgentinien
93%
4.PeléBrasilien
93%
5.Zinedine ZidaneFrankreich
87%
11.Gerd MüllerDeutschland
86%
8.Franz BeckenbauerDeutschland
78%
9.Ferenc PuskasUngarn
74%
26.RonaldinhoBrasilien
74%
6.Johan CruyffNiederlande
73%
7.George BestNordirland
71%
17.Paolo MaldiniItalien
56%
28.Manuel NeuerDeutschland
55%
27.Ruud GullitNiederlande
49%
24.XaviSpanien
49%
20.Andres IniestaSpanien
47%
23.EusebioPortugal
47%
22.Marco Van BastenNiederlande
45%
13.Michel PlatiniFrankreich
38%
15.GarrinchaBrasilien
33%
12.Alfredo Di StefanoKolumbien/Argentinien
29%
14.ZicoBrasilien
21%
16.Bobby CharltonEngland
20%
21.Franco BaresiItalien
18%
18.RomarioBrasilien
18%
29.SocratesBrasilien
18%
25.Carlos AlbertoBrasilien
17%
19.Giuseppe MeazzaItalien
2%
30.Raymond KopaFrankreich
2%

Verteilung der Resultate

Perzentil nach korrekt beantworteten Fragen

Anzahl Personen mit jedem Resultat

Ihre Resultats-Entwicklung

Sie haben dieses Quiz noch nicht gespielt